000 00634nam a2200229 a 4500
001 BRL_1561
005 20190320211249.0
008 110314s1998----fr-ao#####---#000-0#fre-#
020 _a2732424315
041 _afre
044 _afr
050 4 _aGT1747
_b.M37 1998
100 1 _aSike, Yvonne de
_927283
245 1 0 _aLes masques
_brites et symboles en Europe
_cYvonne de Sike.
260 _aParis
_bÉditions de La Martiniére
_c1998
300 _a165 p.
_bil., fotrografías (a color)
_c25 cm.
500 _aAu1795
504 _aBibliografía: p. 164
650 1 4 _aMáscaras
_zEuropa
_926970
902 _aGRL
942 _2lcc
_cB
999 _c10370
_d10370